Normal view MARC view
  • Universidad Autónoma de la Ciudad de México

Entry Nombre Corporativo

Number of records used in: 4

001 - NÚMERO DE CONTROL

  • campo de control: 9741

003 - IDENTIFICADOR DE NUMERO DE CONTROL

  • campo de control: MX-MxUPN

005 - FECHA Y HORA DE LA ÜLTIMA TRANSACCIÓN

  • campo de control: 20230606160806.0

008 - DATOS DE LONGITUD FIJA

  • campo de control de longitud fija: 230606n||acnnnbabn | ana |d

035 ## - NÚMERO DE CONTROL

  • Número de control: UPN10000009747

040 ## - FUENTE DE CATALOGACIÓN

  • Agencia original de catalogación: MX-MxUPN
  • Lenguaje de catalogación: spa
  • Agencia transcribe: MX-MxUPN

110 2# - ENCABEZAMIENTO - NOMBRE CORPORATIVO

  • Nombre corporativo o de jurisdicción como elemento de entrada : Universidad Autónoma de la Ciudad de México

510 2# - MENCIÓN DE REFERENCIA “VÉASE ADEMÁS”- NOMBRE DE ENTIDAD CORPORTATIVA

  • Corporate name or jurisdiction name as entry element: Universidad de la Ciudad de México

670 ## - FUENTE EN LA QUE SE LOCALIZARON DATOS

  • Cita de la fuente : T/LC
  • Información localizada: El impacto de la oferta educativa en alumnos que cursan los últimos semestres en la Universidad Autónoma de la Ciudad de México

902 ## - CATALOGADOR

  • Catalogador: MMA/300508